[Event "Wch U10 Girls"]
[Site "Batumi"]
[Date "2016.10.28"]
[Round "9.17"]
[White "Andonova, Ivanina"]
[Black "Mirza, Nur"]
[Result "1/2-1/2"]
[WhiteElo "1602"]
[BlackElo "1338"]
[PlyCount "49"]
[EventDate "2016.10.19"]
[EventType "swiss"]
[EventRounds "11"]
[EventCountry "GEO"]
[SourceTitle "EXT 2018"]
[Source "ChessBase"]
[SourceDate "2017.10.13"]
[SourceVersion "1"]
[SourceVersionDate "2017.10.13"]
[SourceQuality "1"]

1. d4 g6 2. e4 Bg7 3. Nf3 d6 4. Bd3 Bg4 5. c3 Nf6 6. h3 Bc8 7. 0-0 Nbd7 8. Be3 0-0 9. Qd2 b6 10. Bh6 e5 11. Bxg7 Kxg7 12. d5 Bb7 13. Re1 c6 14. c4 a6 15. Bc2 b5 16. dxc6 Bxc6 17. Qxd6 Qc8 18. Nxe5 Nxe5 19. Qxe5 bxc4 20. Qd4 Bb7 21. e5 Nd5 22. Nc3 Rd8 23. Nxd5 Bxd5 24. Qc3 Kg8 25. Be4 1/2-1/2

[Event "Wch U10 Girls"]
[Site "Batumi"]
[Date "2016.10.26"]
[Round "7.9"]
[White "Andonova, Ivanina"]
[Black "Sheikh, Anum"]
[Result "0-1"]
[WhiteElo "1602"]
[BlackElo "1424"]
[PlyCount "72"]
[EventDate "2016.10.19"]
[EventType "swiss"]
[EventRounds "11"]
[EventCountry "GEO"]
[SourceTitle "EXT 2018"]
[Source "ChessBase"]
[SourceDate "2017.10.13"]
[SourceVersion "1"]
[SourceVersionDate "2017.10.13"]
[SourceQuality "1"]

1. d4 Nf6 2. Nf3 g6 3. c4 Bg7 4. Nc3 0-0 5. e4 d6 6. Be2 e5 7. d5 Nbd7 8. 0-0 Nc5 9. Qc2 a5 10. Be3 Ncd7 11. h3 h6 12. Nb5 Ne8 13. Bd3 Nc5 14. Rad1 Nxd3 15. Qxd3 b6 16. Qd2 g5 17. Nh2 f5 18. f3 f4 19. Bf2 h5 20. Qe2 Nf6 21. Kh1 Bd7 22. Rg1 Qc8 23. g4 fxg3 24. Rxg3 Nh7 25. h4 gxh4 26. Rg6 Be8 27. Rg2 h3 28. Rg3 Bxb5 29. cxb5 Qd7 30. Rdg1 Rf7 31. Qe3 Kh8 32. a4 Raf8 33. Be1 Re8 34. Bc3 h4 35. Rg4 Qe7 36. Qd2 Bf6 0-1

[Event "Wch U10 Girls"]
[Site "Batumi"]
[Date "2016.10.24"]
[Round "6.9"]
[White "Butenandt, Svenja"]
[Black "Andonova, Ivanina"]
[Result "1/2-1/2"]
[WhiteElo "1377"]
[BlackElo "1602"]
[PlyCount "38"]
[EventDate "2016.10.19"]
[EventType "swiss"]
[EventRounds "11"]
[EventCountry "GEO"]
[SourceTitle "EXT 2018"]
[Source "ChessBase"]
[SourceDate "2017.10.13"]
[SourceVersion "1"]
[SourceVersionDate "2017.10.13"]
[SourceQuality "1"]

1. e4 d5 2. exd5 Nf6 3. d4 Nxd5 4. c4 Nf6 5. Nc3 e6 6. Nf3 Bb4 7. Bd3 c5 8. dxc5 Bxc5 9. 0-0 0-0 10. Bg5 Be7 11. Qc2 h6 12. Bh4 Nc6 13. Rad1 Qa5 14. a3 Ne5 15. Nxe5 Qxe5 16. Rfe1 Qh5 17. Bg3 Bd7 18. Re5 g5 19. Be2 Qg6 1/2-1/2

[Event "Wch U10 Girls"]
[Site "Batumi"]
[Date "2016.10.22"]
[Round "4"]
[White "Ivanova, Dilyana"]
[Black "Andonova, Ivanina"]
[Result "1-0"]
[WhiteElo "1476"]
[BlackElo "1602"]
[PlyCount "79"]
[EventDate "2016.10.19"]
[EventType "swiss"]
[EventRounds "11"]
[EventCountry "GEO"]
[SourceTitle "EXT 2018"]
[Source "ChessBase"]
[SourceDate "2017.10.13"]
[SourceVersion "1"]
[SourceVersionDate "2017.10.13"]
[SourceQuality "1"]

1. e4 d5 2. exd5 Nf6 3. Bb5+ Bd7 4. Be2 Nxd5 5. d4 e6 6. Nf3 Be7 7. 0-0 0-0 8. c4 Nf6 9. Nc3 c5 10. d5 exd5 11. cxd5 Bg4 12. h3 Bh5 13. Re1 a6 14. a4 Qd6 15. Qb3 b6 16. Ng5 Bxe2 17. Rxe2 Rd8 18. Nge4 Nxe4 19. Rxe4 Bf8 20. Bf4 Qd7 21. Qxb6 h6 22. Rae1 Ra7 23. Bxb8 Rb7 24. Qc6 Rbxb8 25. Qxd7 Rxd7 26. R4e2 Rdb7 27. Rb1 Rb3 28. Rc2 g6 29. a5 Bg7 30. Na4 R3b5 31. Rxc5 Bd4 32. Rxb5 Rxb5 33. Rd1 Rxd5 34. Nc3 Rd8 35. Kf1 Kf8 36. b4 Ke7 37. Ke2 Be5 38. Rxd8 Kxd8 39. Kd3 Kc7 40. Kc4 1-0

[Event "Wch U10 Girls"]
[Site "Batumi"]
[Date "2016.10.20"]
[Round "2"]
[White "Velea, Stephanie"]
[Black "Andonova, Ivanina"]
[Result "0-1"]
[WhiteElo "1349"]
[BlackElo "1602"]
[PlyCount "102"]
[EventDate "2016.10.19"]
[EventType "swiss"]
[EventRounds "11"]
[EventCountry "GEO"]
[SourceTitle "EXT 2018"]
[Source "ChessBase"]
[SourceDate "2017.10.13"]
[SourceVersion "1"]
[SourceVersionDate "2017.10.13"]
[SourceQuality "1"]

1. e4 d5 2. exd5 Nf6 3. d4 Nxd5 4. Nf3 e6 5. Be2 Be7 6. 0-0 0-0 7. c4 Nf6 8. Nc3 b6 9. Ne5 Bb7 10. Bf4 a6 11. Re1 Nbd7 12. a3 c5 13. Nxd7 Nxd7 14. dxc5 e5 15. Be3 Bxc5 16. Bxc5 Nxc5 17. b4 Ne6 18. Qxd8 Rfxd8 19. Rad1 Nf4 20. f3 Rd4 21. Bf1 f6 22. Kf2 Rad8 23. Ke3 Rxd1 24. Rxd1 Rxd1 25. Nxd1 Kf7 26. g3 Ne6 27. Bd3 Nd4 28. Be4 Bxe4 29. Kxe4 Ke6 30. g4 Nc2 31. Kd3 Nxa3 32. Kc3 b5 33. cxb5 Nxb5+ 34. Kd3 Nd4 35. Ke4 Nc2 36. Nc3 Nxb4 37. Na4 Kd6 38. Kf5 a5 39. h4 Nd3 40. h5 Nc5 41. Nc3 Ke7 42. g5 a4 43. Nd5+ Kd6 44. Nc3 fxg5 45. Kxg5 Ke6 46. Kg4 a3 47. Kg5 Nb3 48. Na2 Nd4 49. Kg4 Kd5 50. f4 e4 51. Kg5 e3 0-1

[Event "Wch U10 Girls"]
[Site "Batumi"]
[Date "2016.10.19"]
[Round "1"]
[White "Andonova, Ivanina"]
[Black "Novruzlu, Nushaba"]
[Result "1-0"]
[WhiteElo "1602"]
[BlackElo "1257"]
[PlyCount "43"]
[EventDate "2016.10.19"]
[EventType "swiss"]
[EventRounds "11"]
[EventCountry "GEO"]
[SourceTitle "EXT 2018"]
[Source "ChessBase"]
[SourceDate "2017.10.13"]
[SourceVersion "1"]
[SourceVersionDate "2017.10.13"]
[SourceQuality "1"]

1. d4 c5 2. e3 cxd4 3. exd4 d5 4. Nf3 Nc6 5. Be2 Bf5 6. c3 e6 7. Bf4 a6 8. 0-0 Na5 9. Qa4+ b5 10. Qd1 Nc4 11. b3 Nb6 12. Ne5 Nf6 13. Bd3 Bxd3 14. Qxd3 Rc8 15. Qf3 Ne4 16. Re1 f6 17. Qh5+ g6 18. Nxg6 Rg8 19. Ne5+ Ke7 20. Qf7+ Kd6 21. Nc4+ Kc6 22. Na5# 1-0

[Event "EU Union-ch U10 14th"]
[Site "Mureck"]
[Date "2016.08.11"]
[Round "9"]
[White "Maiberg, Leon"]
[Black "Andonova, Ivanina"]
[Result "0-1"]
[WhiteElo "1231"]
[BlackElo "1413"]
[PlyCount "100"]
[EventDate "2016.08.03"]
[EventType "swiss"]
[EventRounds "9"]
[EventCountry "AUT"]
[SourceTitle "CBM 174 Extra"]
[Source "ChessBase"]
[SourceDate "2016.10.10"]
[SourceVersion "1"]
[SourceVersionDate "2016.10.10"]
[SourceQuality "1"]

1. d4 d5 2. c4 e6 3. g3 Nf6 4. Bg2 Be7 5. Nf3 0-0 6. 0-0 b6 7. Bf4 Bb7 8. Ne5 Nh5 9. Qc1 Nxf4 10. Qxf4 Bd6 11. Qe3 c5 12. Nc3 cxd4 13. Qxd4 Qf6 14. Nf3 e5 15. Qd2 d4 16. Nb5 a6 17. Nxd6 Qxd6 18. Qc2 e4 19. Nd2 d3 20. Qd1 f5 21. Nb3 Bc6 22. Nc1 d2 23. Nb3 Rd8 24. Qc2 Ba4 25. Rfd1 Bxb3 26. Qxb3 Kh8 27. Qc3 Nc6 28. b3 Qb4 29. Qxb4 Nxb4 30. a3 Nc6 31. Ra2 Na5 32. Raxd2 Rxd2 33. Rxd2 Nxb3 34. Rb2 Na5 35. Rxb6 Nxc4 36. Rb3 g6 37. e3 Rd8 38. Bf1 Rd1 39. Kg2 Rc1 40. Rb8+ Kg7 41. Rc8 Nxe3+ 42. fxe3 Rxc8 43. h4 a5 44. a4 Rc3 45. Kf2 Rc2+ 46. Ke1 Ra2 47. Bb5 Rg2 48. Bf1 Rxg3 49. Kd2 Rf3 50. Bg2 Rf2+ 0-1

[Event "EU Union-ch U10 14th"]
[Site "Mureck"]
[Date "2016.08.06"]
[Round "4"]
[White "Vicze, Kata"]
[Black "Andonova, Ivanina"]
[Result "0-1"]
[WhiteElo "1495"]
[BlackElo "1413"]
[PlyCount "84"]
[EventDate "2016.08.03"]
[EventType "swiss"]
[EventRounds "9"]
[EventCountry "AUT"]
[SourceTitle "CBM 174 Extra"]
[Source "ChessBase"]
[SourceDate "2016.10.10"]
[SourceVersion "1"]
[SourceVersionDate "2016.10.10"]
[SourceQuality "1"]

1. e4 d5 2. exd5 Nf6 3. d4 Nxd5 4. c4 Nb6 5. Nf3 Bf5 6. c5 Nd5 7. Qb3 b6 8. Bc4 e6 9. cxb6 axb6 10. Nc3 Nb4 11. 0-0 Bc2 12. Bb5+ c6 13. Bxc6+ N8xc6 14. Qc4 Bd3 15. Qb3 Bxf1 16. Kxf1 Nxd4 17. Qd1 Ndc2 18. Qxd8+ Rxd8 19. Rb1 Be7 20. a3 Nd3 21. b4 Nxc1 22. Rxc1 Nxa3 23. b5 Rc8 24. Ke2 Nxb5 25. Na2 Rxc1 26. Nxc1 Kd7 27. Nd3 f6 28. Nf4 Nc3+ 29. Ke3 Nd5+ 30. Nxd5 exd5 31. Nd2 Bc5+ 32. Ke2 Kc6 33. f3 b5 34. Kd1 b4 35. Kc2 Kb5 36. Kb3 Re8 37. g4 Re3+ 38. Kb2 Bd4+ 39. Kc2 Rc3+ 40. Kb1 b3 41. h3 Rc2 42. Nxb3 Rb2+ 0-1

[Event "EU Union-ch U10 14th"]
[Site "Mureck"]
[Date "2016.08.04"]
[Round "2"]
[White "Andonova, Ivanina"]
[Black "Chung, Ethan Cheung Jing"]
[Result "1/2-1/2"]
[WhiteElo "1413"]
[BlackElo "1343"]
[PlyCount "106"]
[EventDate "2016.08.03"]
[EventType "swiss"]
[EventRounds "9"]
[EventCountry "AUT"]
[SourceTitle "CBM 174 Extra"]
[Source "ChessBase"]
[SourceDate "2016.10.10"]
[SourceVersion "1"]
[SourceVersionDate "2016.10.10"]
[SourceQuality "1"]

1. d4 d5 2. Nf3 e6 3. e3 Bd6 4. Be2 Nc6 5. 0-0 Nf6 6. c4 b6 7. b3 0-0 8. Bb2 Ba6 9. cxd5 Bxe2 10. Qxe2 exd5 11. Nc3 Ne4 12. Rac1 Nxc3 13. Bxc3 a5 14. Ba1 Ne7 15. Rfd1 Qd7 16. Qd3 Qe6 17. Ng5 Qh6 18. Nf3 a4 19. b4 Bxb4 20. Rxc7 Rfc8 21. Rcc1 Rc6 22. Rxc6 Qxc6 23. Ne5 Qc7 24. e4 Bd6 25. exd5 Nxd5 26. Qe4 Bxe5 27. dxe5 Rd8 28. Qxa4 Nb4 29. Rxd8+ Qxd8 30. h3 Nd3 31. Qd4 Qxd4 32. Bxd4 b5 33. Kf1 b4 34. Ke2 Nc1+ 35. Kd2 Nxa2 36. Kc2 Kf8 37. Kb3 Nc1+ 38. Kxb4 Nd3+ 39. Kc4 Nf4 40. g3 Nxh3 41. f4 h5 42. Be3 Ke7 43. Kd5 f6 44. Bc5+ Ke8 45. Be3 fxe5 46. Kxe5 Kf7 47. Ke4 Ke6 48. Bc5 g6 49. Be3 Kf6 50. Bd4+ Ke6 51. Be3 Kf6 52. Bd4+ Ke6 53. Be3 Kf6 1/2-1/2

[Event "EU Union-ch U10 14th"]
[Site "Mureck"]
[Date "2016.08.03"]
[Round "1"]
[White "Wendl, Philipp"]
[Black "Andonova, Ivanina"]
[Result "1-0"]
[WhiteElo "1153"]
[BlackElo "1413"]
[PlyCount "139"]
[EventDate "2016.08.03"]
[EventType "swiss"]
[EventRounds "9"]
[EventCountry "AUT"]
[SourceTitle "CBM 174 Extra"]
[Source "ChessBase"]
[SourceDate "2016.10.10"]
[SourceVersion "1"]
[SourceVersionDate "2016.10.10"]
[SourceQuality "1"]

1. e4 d5 2. exd5 Nf6 3. Nc3 Nxd5 4. Bc4 Nf6 5. Nf3 e6 6. d3 Be7 7. 0-0 0-0 8. Bf4 Nd5 9. Nxd5 exd5 10. Bb3 Be6 11. Re1 Nd7 12. d4 Bf6 13. Ne5 c5 14. c3 c4 15. Bc2 Nxe5 16. Bxe5 Re8 17. Ba4 Rf8 18. Qf3 Bh4 19. Bc2 Qg5 20. Rad1 Bg4 21. Qxd5 Bxd1 22. Rxd1 Qg4 23. Qxc4 Rac8 24. Qd3 f5 25. h3 Qh5 26. Bb3+ Kh8 27. Qb5 b6 28. Qd7 Qg6 29. Qxa7 f4 30. Bc2 Rf7 31. Bxg6 Rxa7 32. Bb1 Bg5 33. Re1 Kg8 34. a3 h6 35. Ba2+ Kh7 36. Re4 Re7 37. Bb1 Kh8 38. Kf1 Rce8 39. f3 Bf6 40. Bxf4 Rxe4 41. Bxe4 Bg5 42. Bxg5 hxg5 43. Ke2 Kg8 44. Kd3 Kf7 45. Kc4 Ke7 46. Kb5 Rb8 47. Kc6 Ke6 48. Kc7 Rf8 49. b4 b5 50. Bc6 Rf7+ 51. Kb6 Kd6 52. Kxb5 Rc7 53. d5 Ra7 54. a4 Rf7 55. a5 Kc7 56. a6 Rf8 57. a7 Rd8 58. a8Q Rxa8 59. Bxa8 Kd7 60. Ka6 Kc7 61. b5 Kd6 62. b6 Kc5 63. b7 Kxd5 64. b8Q+ Kc4 65. Qd6 Kxc3 66. Qd5 Kc2 67. Qd4 Kb3 68. Bd5+ Kc2 69. Qe3 g4 70. hxg4 1-0